Welcome to CU Library Online Public Access Catalogue (OPAC)

Microsoft Windows 2000 : (Record no. 858)

MARC details
000 -LEADER
fixed length control field 01257cam a22003374a 4500
001 - CONTROL NUMBER
control field 12814013
003 - CONTROL NUMBER IDENTIFIER
control field OSt
005 - DATE AND TIME OF LATEST TRANSACTION
control field 20241108110940.0
008 - FIXED-LENGTH DATA ELEMENTS--GENERAL INFORMATION
fixed length control field 020612s2002 maua 001 0 eng
010 ## - LIBRARY OF CONGRESS CONTROL NUMBER
LC control number 2002075367
020 ## - INTERNATIONAL STANDARD BOOK NUMBER
International Standard Book Number 9780072470895
040 ## - CATALOGING SOURCE
Original cataloging agency DLC
Transcribing agency DLC
Modifying agency DLC
042 ## - AUTHENTICATION CODE
Authentication code pcc
050 00 - LIBRARY OF CONGRESS CALL NUMBER
Classification number QA76.76.O63
Item number M322517 2002
082 00 - DEWEY DECIMAL CLASSIFICATION NUMBER
Classification number 005.4/4769
Edition information 21
100 ## - MAIN ENTRY--PERSONAL NAME
Personal name Haag, Stephen
245 00 - TITLE STATEMENT
Title Microsoft Windows 2000 :
Remainder of title introductory /
Statement of responsibility, etc. Stephen Haag, James T. Perry, Barrie Sosinsky & Efren Estevez
260 ## - PUBLICATION, DISTRIBUTION, ETC.
Place of publication, distribution, etc. Boston :
Name of publisher, distributor, etc. McGraw-Hill Irwin,
Date of publication, distribution, etc. c2002.
300 ## - PHYSICAL DESCRIPTION
Extent xviii. (various pagings) :
Other physical details ill. (some col.) ;
Dimensions 28 cm.
440 #4 - SERIES STATEMENT/ADDED ENTRY--TITLE
Title The I-series
630 00 - SUBJECT ADDED ENTRY--UNIFORM TITLE
Uniform title Microsoft Windows (Computer file)
650 #0 - SUBJECT ADDED ENTRY--TOPICAL TERM
Topical term or geographic name entry element Operating systems (Computers)
700 1# - ADDED ENTRY--PERSONAL NAME
Personal name Perry, James T.
700 1# - ADDED ENTRY--PERSONAL NAME
Personal name Sosinsky, Barrie
700 1# - ADDED ENTRY--PERSONAL NAME
Personal name Estevez, Efren
856 41 - ELECTRONIC LOCATION AND ACCESS
Materials specified Table of contents
Uniform Resource Identifier <a href="http://www.loc.gov/catdir/toc/mh031/2002075367.html">http://www.loc.gov/catdir/toc/mh031/2002075367.html</a>
856 42 - ELECTRONIC LOCATION AND ACCESS
Materials specified Publisher description
Uniform Resource Identifier <a href="http://www.loc.gov/catdir/description/mh024/2002075367.html">http://www.loc.gov/catdir/description/mh024/2002075367.html</a>
906 ## - LOCAL DATA ELEMENT F, LDF (RLIN)
a 7
b cbc
c orignew
d 1
e ocip
f 20
g y-gencatlg
942 ## - ADDED ENTRY ELEMENTS (KOHA)
Source of classification or shelving scheme Library of Congress Classification
Koha item type Books
Suppress in OPAC No
Holdings
Withdrawn status Lost status Source of classification or shelving scheme Damaged status Not for loan Collection Home library Current library Shelving location Date acquired Total checkouts Full call number Barcode Date last seen Copy number Price effective from Koha item type
    Library of Congress Classification     Non-fiction Science Library (Miotso) Science Library (Miotso) General stacks 11/08/2024   QA76.76 .O63 MIC SLM00000461 11/08/2024 1 11/08/2024 Books
    Library of Congress Classification     Non-fiction Science Library (Miotso) Science Library (Miotso) General stacks 11/08/2024   QA76.76 .O63 MIC SLM00000462 11/08/2024 2 11/08/2024 Books
© 2023-2024 Copyright: Central University Libraries. All Rights Reserved | Created by: Mahone Tech Office